| 000 | 01050cam a22002294a 4500 | ||
|---|---|---|---|
| 005 | 20250605163921.0 | ||
| 008 | 250528s ||||||||||||||||||||||||d | ||
| 035 | _a14389 | ||
| 020 | _a1852788828 | ||
| 040 |
_aGR-AtMCL _bgre _dGR-AtMCL _eAACR2 |
||
| 245 | 1 | _aA Modern Guide to Macroeconomics / An Introduction to Competing Schools of Thought | |
| 260 | _c1994 | ||
| 300 | _a468 | ||
| 520 | _aThis book differs from other macroeconomic textbooks by being a work of wide-ranging scholarship and deep thinking. Preface, Visions of the Macroeconomy, Keynes v. the ''Old'' Classical Model, The Orthodox Keynesian School and the Reinterpretation of Keynes, The Orthodox Monetarist School, The New Classical School, The Real Business School, The New Keynesian School, The Austrian and Post-Keynesian Schools, Conclusions and Reflections, Bibliography, Subject Index. | ||
| 700 | 1 |
_aEdward Elgar _932 |
|
| 700 | 1 |
_aSnowdon Brian _933 |
|
| 700 | 1 |
_aVane Howard _934 |
|
| 700 | 1 |
_aWynarczyk Peter _935 |
|
| 942 | _cBK | ||
| 999 |
_c23 _d23 |
||